Click the Regions of Slovakia on a Map - Statistics

General Stats
  • This quiz has been taken 188 times
  • The average score is 5 of 8
Answers on the Map
Answers color-coded by a green-red scale on the quiz's map according to % correct below.
 
Answer Stats
Answer % Correct
Bratislava
88%
Banská Bystrica
71%
Košice
67%
Žilina
64%
Trenčín
62%
Nitra
58%
Prešov
58%
Trnava
56%
No matching quizzes found
Score Distribution
Percent of People with Each Score
Percentile by Number Answered
Your Score History
You have not taken this quiz